| 000 | 00630nam a2200193Ii 4500 | ||
|---|---|---|---|
| 003 | JO-AjNU | ||
| 008 | 230605s9999||||xx |||||||||||||| ||und|| | ||
| 040 |
_aJO-AjNU _bara _erda _cJO-AjNU |
||
| 041 | _aara | ||
| 050 | 1 | 4 | _aS591.N6321 1980 |
| 100 | 3 |
_aنوفيكوف، يو , _eauthor _938381 |
|
| 245 | 0 | 0 | _aالارض رعايتها حياتنا |
| 264 | 3 | 1 | _aبغداد:المجمع العلمي العراقي ، 1980 |
| 300 | _a333ص | ||
| 336 |
_atext _btxt _2rdacontent |
||
| 337 |
_aunmediated _bn _2rdamedia |
||
| 338 |
_avolume _bnc _2rdacarrier |
||
| 650 | 4 |
_aالارض وكيفية الرعاية فيها _938382 |
|
| 999 |
_aA16121 _c19689 _d19689 |
||